000 00620nam a2200241Ia 4500
003 OSt
005 20220918190440.0
006 a|||||r|||| 00| 0
007 ta
008 220917b |||||||| |||| 00| 0 eng d
024 _a56,892
037 _cTextual
040 _aARTS
_cARTS
_beng
041 _2eng
_aeng
082 _aP41CA,9D:2, L1
100 _aKao D L
_972579
245 0 _aStructure of the Syllable in Cantonese
260 _aThe
_bHague Mouton
_c1971
300 _a189p.
_ccm.
650 _aLINGUISTICS
942 _hP41CA,9D:2, L1
_cTEXL
_2CC
999 _c185150
_d185150